Match famous generals to the battle - extra large - Statistics

General Stats
  • This quiz has been taken 11 times
  • The average score is 23 of 112
Answer Stats
Hint Answer % Correct
Leonidas Thermopylae
75%
Henry V Agincourt
63%
William the Conqueror Hastings
63%
Stonewall Jackson Bull Run
50%
Erwin Rommel El Alamein
50%
Georgy Zhukhov Kursk
50%
Charles Martell Tours
50%
Karl Dönitz Battle of the Atlantic
38%
Napoleon Borodino
38%
George Patton Bulge
38%
Norman Schwarzkopf Desert Storm
38%
Sandy Woodward Falkland 1982
38%
Robert E Lee Gettysburg
38%
Mao Zedong Long March
38%
Nagumo Chiuchi Midway
38%
Kahehameha Moku 'ohai
38%
Husband E Kimmel Pearl Harbor
38%
Cao Cao Red Cliff
38%
Hülegü Khan Sack of Baghdad
38%
Benedict Arnold Saratoga
38%
Tokugawa Ieyasu Sekigahara
38%
Chiang Kai Shek Shanghai
38%
Francis Drake Spanish Armada/Gravelines
38%
Friedrich Paulus Stalingrad
38%
Harald Bluetooth Svolder
38%
Vo Nguyen Giap Tet offensive
38%
Gebhard Blücher Waterloo
38%
Kim Il Sung Busan Perimeter
25%
Gerd von Runstedt Dunkirk
25%
Dareios III Gaugamela
25%
Isabella and Ferdinand Granada
25%
Crazy Horse Little Bighorn
25%
Joseph Joffre Marne
25%
Iwane Matsui Rape of Nanking
25%
Alarich Sack of Rome 410 AD
25%
Xerxes I Salamis
25%
Jan III Sobieski Siege of Vienna 1683
25%
Harald Hardrada Stamford Bridge
25%
Moctezuma II Tenochtitlan
25%
Washington Trenton
25%
Cornwallis Yorktown
25%
Cleopatra Actium
13%
Ahmad al Mansur Alcacer Quibir (Three Kings)
13%
Pyrrhus of Epirus Asculum
13%
Saladin Asruf
13%
Francisco Franco Badijoz
13%
Valerii Zaluzhnyi Bakhmut
13%
Louis Botha Boer War
13%
Horatio Nelson Bombardment of Copenhagen
13%
Khalid bin Barghash Bombardment of Zanzibar
13%
Ambrosio Spinola Breda
13%
Gustavus Adolphus Breitenfeld
13%
Crassus Carrhae
13%
Attila the Hun Catalaunian Fields
13%
Henry the Navigator Ceuta
13%
Shigeyoshi Inoue Coral Sea
13%
Philipp VI Crecy
13%
Atahualpa Cuzco
13%
Maximilian von Spee Falkland 1914
13%
Mustafa Kemal (Atatürk) Gallipoli
13%
Ptolemy Soter Gaza 312 BC
13%
Willem van Saeftinghe Golden Spurs
13%
Charles the Bold Grandson
13%
Jorge Correia Gulf of Guinea
13%
Frederick the Great Hohenfriedberg
13%
Alexander the Great Hydaspes
13%
Scipio Africanus Ilipa
13%
Antigonos Monophtalmos Ipsus
13%
John Jellico Jutland
13%
Rameses II Kadesh
13%
Basil the Bulgar slayer Kleidion
13%
Lazar Hrebeljanovic Kosovo field
13%
Alexander Nevski Lake Peipus
13%
Hannibal Barca Lake Trasimene
13%
Otto the Great Lech fields
13%
Don Juan of Austria Lepanto
13%
Albrecht Wallenstein Lützen
13%
Alp Arslan Manzikert
13%
Militiades Marathon
13%
James Somerville Mers el Kabir
13%
Shaka Zulu Mhlatuze River
13%
Constantine the Great Milvian Bridge
13%
Zachary Taylor Monterrey
13%
Eugen of Savoy Petrovaradino
13%
Andrea Doria Pianosa
13%
Charles XII of Sweden Poltava
13%
Michiel de Ruyter Raid on the Medway
13%
Brennus Sack of Rome 387 BC
13%
Wellington Salamanca
13%
Ghengis Khan Samarkand
13%
Theodore Roosevelt San Juan Hill
13%
Helmut Moltke Sedan
13%
Alexander Menshikov Sevastopol
13%
Frederick Henrik of Orange s' Hertogenbosch
13%
Janos Hunyadi Sibiu/Hermannstadt
13%
Pavle Strugar Siege of Dubrovnik
13%
Demetrios the Besieger Siege of Rhodes
13%
Suleiman the Magnificent Siege of Vienna 1529
13%
Douglas Haig Somme
13%
Andrew Cunningham Taranto Raid
13%
Arminius Teutoburg Forest
13%
Carl Mannerheim Tolvajärvi
13%
Vlad III "The Impaler" Tragoviste
13%
Belesarius Tricamarum
13%
Philippe Petain Verdun
13%
Christian of Anhalt White Mountain/Bila Hora
13%
Fritigern Adrianople
0%
Justo Barrios Chalchuapa
0%
Abdel Rahman Junma Geneina
0%
Josip Tito Sutjeska
0%
Cyrus the Great Thymbra
0%
Lautaro Tucapel
0%
No matching quizzes found
Score Distribution
Percent of People with Each Score
Percentile by Number Answered
Your Score History
You have not taken this quiz